Increasing student aid through loan reform : hearing before the Committee on Education and Labor, U.S. House of Representatives, One Hundred Eleventh Congress, first session, hearing held in Washington, DC, May 21, 2009.

Bibliographic Details
Corporate Author: United States. Congress. House. Committee on Education and Labor
Format: Government Document eBook
Language:English
Published: Washington : U.S. G.P.O., 2009.
Subjects:
Online Access:Electronic resource (PDF)

MARC

Tag First Indicator Second Indicator Subfields
LEADER 00000cam a22000001a 4500
001 in00004100478
005 20200117091400.0
006 m d f
007 cr bn mmmapmmp
008 100108s2009 dcua ob f000 0 eng d
035 |a chdc201000206 
040 |a UMI  |c UMI  |d UtOrBLW 
042 |a pcc 
043 |a n-us--- 
074 |a 1015-A 
086 0 |a Y 4.ED 8/1:111-24 
088 |a Serial no. 111-24 (United States. Congress. House. Committee on Education and Labor) 
110 1 |a United States.  |b Congress.  |b House.  |b Committee on Education and Labor.  |0 http://id.loc.gov/authorities/names/n79049133 
245 1 0 |a Increasing student aid through loan reform :  |b hearing before the Committee on Education and Labor, U.S. House of Representatives, One Hundred Eleventh Congress, first session, hearing held in Washington, DC, May 21, 2009. 
264 1 |a Washington :  |b U.S. G.P.O.,  |c 2009. 
264 2 |a Washington :  |b For sale by the Supt. of Docs., U.S. G.P.O. 
300 |a iv, 124 pages :  |b illustrations, digital, PDF file. 
336 |a text  |b txt  |2 rdacontent 
337 |a computer  |b c  |2 rdamedia 
338 |a online resource  |b cr  |2 rdacarrier 
504 |a Includes bibliographical references. 
500 |a "Serial number 111-24." 
500 |a Record is based on bibliographic data in ProQuest Congressional Hearings Digital Collection. Reuse except for individual research requires license from ProQuest, LLC. 
500 |a Electronic resource. 
533 |a Electronic reproduction.  |b [Bethesda, Md.] :  |c ProQuest,  |d 2010.  |e digital, PDF file.  |n ProQuest U.S. Congressional Hearings Digital Collection.  |n Mode of access: World Wide Web via ProQuest website. 
538 |a System requirements: PDF reader software. 
650 0 |a Student aid  |x Government policy  |z United States.  |0 http://id.loc.gov/authorities/subjects/sh2010114909 
650 0 |a Student loans  |z United States  |x Management. 
650 0 |a Education, Higher  |x Economic aspects  |z United States.  |0 http://id.loc.gov/authorities/subjects/sh2008102757 
650 0 |a Federal aid to education  |z United States.  |0 http://id.loc.gov/authorities/subjects/sh2008103627 
776 0 8 |i Print version:   |a United States. Congress. House. Committee on Education and Labor.  |t Increasing student aid through loan reform  |w 9780160845062  |w 0160845068  |w (OCoLC)ocn468817341  |z 2009526252 
776 0 8 |i Microfiche version:   |a United States. Congress. House. Committee on Education and Labor.  |t Increasing student aid through loan reform  |d [Bethesda, Md.] : ProQuest,[2010]  |o CIS 2010 H341-10  |w (ProQuest)cis01000308  
856 4 0 |u http://proxy.library.tamu.edu/login?url=http://search.proquest.com/congcomp/getdoc?HEARING-ID=HRG-2009-EDL-0017  |y Electronic resource (PDF)  |t 0 
998 |a cis01000308  
999 f f |s 1d64d632-ff79-3f5b-9d2a-6f4fa2cfb231  |i ec895988-7648-3ecc-b889-d2b76377e781  |t 0 
952 f f |a Texas A&M University  |b College Station  |c Electronic Resources  |d Available Online  |t 0  |e Y 4.ED 8/1:111-24  |h Superintendent of Documents classification 
998 f f |a Y 4.ED 8/1:111-24  |t 0  |l Available Online